| 000 | 00893cam a22001814a 4500 | ||
|---|---|---|---|
| 005 | 20250605163721.0 | ||
| 008 | 250528s ||||||||||||||||||||||||d | ||
| 035 | _a24914 | ||
| 020 | _a9781422157978 | ||
| 040 |
_aGR-AtMCL _bgre _dGR-AtMCL _eAACR2 |
||
| 245 | 1 | _aOn Leadership / If You Read Nothing Else on Leadership and Read These Definitive Articles from Harvard Business Review | |
| 260 |
_bHarvard Business Review Press, _c2011 |
||
| 300 | _a232 | ||
| 520 | _aWhat Makes a Leader, What Makes an Effective Executive, What Leaders Really Do, The Work of Leadership, Why Should Anyone Be Led by You, Crucibles of Leadership, Level 5 Leadership: The Triumph of Humility, Seven Transformations of Leadership, Discovering Your Authentic Leadership, In Praise of the Incomplete Leader, In Praise of the Incomplete Leader, Index. | ||
| 942 | _cBK | ||
| 999 |
_c9746 _d9746 |
||